000 00483nam a2200181Ia 4500
008 090124s9999 xx 000 0 und d
082 _b121735
100 _aहसमनीस द.का.
245 _a पाऊल खुणा
250 _a1
260 _c1986
300 _a181
600 _aहसमनीस द.का.
630 _a पाऊल खुणा
700 _aहसमनीस द.का.
730 _a पाऊल खुणा
942 _cBOOK
999 _c167821
_d167821